Mili o objecció? : tot el que convé saber sobre el servei militar i l'objecció de consciència / [text: Consell Nacional de la Joventut de Catalunya] tot el que convé saber sobre el servei militar i l'objecció de consciència / [text:
Descripción Física:
23 p. : il. ; 17 cm
MARC
| LEADER | 00000nam a2200000Ia 4500 | ||
|---|---|---|---|
| 001 | 17876 | ||
| 008 | 160829s1992 xx 000 0 cat d | ||
| 080 | |a FU-15-20 | ||
| 100 | |a Consell Nacional de la Joventut de Catalunya |9 22369 | ||
| 245 | |a Mili o objecció? : |b tot el que convé saber sobre el servei militar i l'objecció de consciència / [text: |b Consell Nacional de la Joventut de Catalunya] | ||
| 260 | |a Barcelona : |b Diputació de Barcelona, |c 1992 | ||
| 300 | |a 23 p. : |b il. ; |c 17 cm | ||
| 650 | |a Servei militar obligatori |9 32887 | ||
| 650 | 0 | |a Objecció de consciència |9 46124 | |
| 710 | 1 | |a Barcelona (Catalunya : Província). |b Diputació |9 52408 | |
| 901 | |a Arxiu | ||
| 942 | |n 1 | ||
| 952 | |0 0 |1 0 |4 0 |6 FU1520 |7 1 |9 45713 |a Arxiu |b Arxiu |d 2016-12-01 |l 0 |o FU-15-20 |p 17876 |r 2016-12-01 00:00:00 |w 2016-12-01 |y ARXIU | ||
| 999 | |c 49213 |d 49213 | ||